| 000 | 00000nas 2200000za 4500 |
| 001 | 9.819402 |
| 003 | CaOODSP |
| 005 | 20221107142942 |
| 007 | cr ||||||||||| |
| 008 | 160614d19841997oncar p oss f000#b0fre|d |
| 022 | |y0823-0668 |
| 040 | |aCaOODSP|bfre |
| 041 | |aeng|afre |
| 043 | |an-cn--- |
| 086 | 1 |aCS61-206-PDF |
| 245 | 00|aPrivate and public investment in Canada. |pRevised intentions |h[ressource électronique] / |cStatistics Canada, Construction Division = Investissements privés et publics au Canada. Perspective révisée / Statistique Canada, Division de la construction. |
| 246 | 11|aInvestissements privés et publics au Canada. |pPerspective révisée |
| 260 | |aOttawa : |bStatistics Canada = Statistique Canada, |c1984-1997. |
| 310 | |aAnnuel |
| 362 | 0 |a1984-1997. |
| 500 | |aÉdition numérisée de l’imprimé [par Statistique Canada]. |
| 546 | |aTexte en anglais et en français. |
| 550 | |aPublié 1985-1989 par la Division des sciences, de la technologie et du stock de capital; 1990- 1997 par la Division de l'investissement et du stock de capital. |
| 580 | |aAbsorbé en partie : Capital and repair expenditures, manufacturing sub-industries, intentions; et, Exploration, development and capital expenditures for mining and petroleum and natural gas wells, intentions. |
| 692 | 07|2gccst|aInvestissement |
| 710 | 1 |aCanada.|bStatistique Canada.|bDivision de l'investissement et du stock de capital. |
| 710 | 2 |aStatistique Canada.|bDivision de la construction. |
| 710 | 2 |aStatistique Canada.|bDivision des sciences, de la technologie et du stock de capital. |
| 780 | 00|tPrivate and public investment in Canada, outlook, mid-year review |w(CaOODSP)9.819393 |
| 785 | 00|tPrivate and public investment in Canada. |w(CaOODSP)9.500392 |
| 791 | |tPrivate and public investment in Canada. |eeng|w(CaOODSP)9.819401 |